Actors Who Play Multiple Characters (TV) II Quiz Stats

 Plays Quiz Updated Aug 5, 2016

Score 0/20 Timer 07:00
0 Plays Today
% Correct
Star Trek
93%
M*A*S*H
92.6%
Knight Rider
87.7%
Full House
86.2%
The Brady Bunch
84.3%
Walker, Texas Ranger
76.1%
The Dick Van Dyke Show
72.4%
Get Smart
71.8%
Gilmore Girls
60%
Scrubs
59.8%
% Correct
The Odd Couple
57.2%
Community
53.9%
Charlie's Angels
51.4%
Law & Order
51.3%
Three's Company
49.5%
Magnum P.I.
46.3%
The Patty Duke Show
37.2%
Dark Shadows
33.8%
Deadwood
19.5%
Ringer
10.9%

You're not logged in!

Compare scores with friends on all Sporcle quizzes.
OR
Log In

You Might Also Like...

Show Comments

Extras

Top Quizzes Today


Score Distribution

Your Account Isn't Verified!

In order to create a playlist on Sporcle, you need to verify the email address you used during registration. Go to your Sporcle Settings to finish the process.

Report this User

Report this user for behavior that violates our Community Guidelines.

Details: